| 000 | 00345nam a2200145Ia 4500 | ||
|---|---|---|---|
| 008 | 150201s2014 xx 000 0 und d | ||
| 082 |
_a612 _bP14C |
||
| 100 | _aCHANDRASEKAR, M. | ||
| 245 | _aPRACTICAL PHYSIOLOGY BOOK | ||
| 250 | _a2ND | ||
| 260 |
_bJAYPEE _aDELHI _c2014 |
||
| 300 | _a1-171 | ||
| 650 | _aHUMAN PHYSIOLOGY | ||
| 942 |
_2ddc _cBK _04 |
||
| 999 |
_c1766 _d1766 |
||